00546 2200193 4500001002100000005001500021035002000036245008500056100001200141250001700153300002800170260003900198082001000237084001600247020002200263600001000285008004100295990001600336INLIS00000000000085320250120102506 a0010-01250000261 aEnsiklopedia Ilmu Pengetahuan Populer :bSegala Sesuatu Tentang Fauna /cSucipto0 aSucipto aCetakan ke-1 a56 hlm :bIlus ;c21 cm aBekasi :bUranus Publishing,c2011 a590.3 a590.3 SUC e a978-602-863-718-3 4ahewan250120 0  a00000004499